LIBRARY & INFORMATION CENTRE, KCAET, TAVANUR

ONLINE PUBLIC ACCESS CATALOGUE (OPAC)

PERFORMANCE EVALUATION OF TRACTOR OPERATED COMBINE HARVESTER (Record no. 17710)

MARC details
000 -LEADER
fixed length control field 00500nam a22001817a 4500
003 - CONTROL NUMBER IDENTIFIER
control field OSt
082 ## - DEWEY DECIMAL CLASSIFICATION NUMBER
Classification number 631.37
Item number ATH
088 ## - REPORT NUMBER
Report number 572
100 ## - MAIN ENTRY--AUTHOR NAME
Personal name ATHUL KRISHNA P
100 ## - MAIN ENTRY--AUTHOR NAME
Personal name JIHANA P
100 ## - MAIN ENTRY--AUTHOR NAME
Personal name MOHAMMAD AFSAL
100 ## - MAIN ENTRY--AUTHOR NAME
Personal name VEENA VINOD K
245 ## - TITLE STATEMENT
Title PERFORMANCE EVALUATION OF TRACTOR OPERATED COMBINE HARVESTER
260 ## - PUBLICATION, DISTRIBUTION, ETC. (IMPRINT)
Place of publication TAVANUR
Name of publisher DEPARTMENT OF FARM MACHINERY POWER ENGINEERING
Year of publication 2023
300 ## - PHYSICAL DESCRIPTION
Number of Pages 60
700 ## - ADDED ENTRY--PERSONAL NAME
Personal name SINDHU BHASKAR (Guide)
942 ## - ADDED ENTRY ELEMENTS (KOHA)
Koha item type Project Report
Holdings
Collection code Home library Current library Full call number Accession Number Koha item type
Reference KAUAET KAUAET 631.37 ATH P 527 Project Report
free website counter